000 00390nam a22001217a 4500
082 _aTHE 200
100 _aFAYYAZ AHMAD,
_972796
245 _aTH-SOF-0753-TO ANALYZE THE LEAD TIME REDUCTION BY THE APPLICATION OF VALUE STREAM MAPPING AND TO DEVELOP
260 _aNUST COLLEGE OF EME
_bISLAMABAD
_c2001
650 _a MS-EM-3 MSTHESIS
_972739
700 _aDR NAWAR KHAN
_918465
942 _cCF
999 _c578774
_d578774